[Event "LXXVII Camp. ucraino"]
[Site "Poltava UCR"]
[Date "2008.12.07"]
[Round "6"]
[White "Vovk, Yuri"]
[Black "Kononenko, Dmitry"]
[Result "0-1"]
[WhiteElo "2549"]
[BlackElo "2527"]
[PlyCount "80"]
[EventDate "2008.12.02"]
[Source "www.chesslib.no"]
[SourceDate "2004.05.04"]

1. d4 Nf6 2. c4 c5 3. d5 e6 4. Nc3 exd5 5. cxd5 d6 6. Nf3 g6 7. Bf4 a6 8. a4 Bg7 9. e4 O-O 10. Be2 Bg4 11. O-O Bxf3 12. Bxf3 Qe7 13. Re1 Nbd7 14. Be2 Rab8 15. Qd2 Rfc8 16. Bg5 Qe5 17. Bf1 Ne8 18. g3 Nc7 19. Bh3 Qe8 20. Bf4 Qe7 21. Bg5 Qe8 22. Kg2 b5 23. axb5 axb5 24. e5 dxe5 25. d6 Ne6 26. Nd5 f5 27. Ra7 Nd4 28. Ne7+ Kh8 29. f4 Rd8 30. g4 Qf7 31. gxf5 gxf5 32. Re3 Nb6 33. b3 Rxd6 34. fxe5 Re6 35. Qa5 Qh5 36. Bf4 Rxe7 37. Rxe7 Nd5 38. Rxg7 Nxe3+ 39. Bxe3 Qf3+ 40. Kg1 Ne2# 0-1

[Event "Copenhagen"]
[Site "?"]
[Date "1984.??.??"]
[Round "?"]
[White "Hjartarson"]
[Black "De Firmian"]
[Result "1-0"]
[WhiteElo "2530"]
[BlackElo "2540"]
[PlyCount "80"]
[EventDate "1984.??.??"]
[Source "www.chesslib.no"]
[SourceDate "2004.05.04"]

1. d4 Nf6 2. c4 e6 3. Nf3 c5 4. d5 exd5 5. cxd5 d6 6. Nc3 g6 7. Bf4 a6 8. a4 Bg7 9. e4 Bg4 10. Be2 O-O 11. O-O Re8 12. Nd2 Bxe2 13. Qxe2 Nh5 14. Be3 Nd7 15. g4 Nhf6 16. f3 Rc8 17. Kg2 Ne5 18. a5 c4 19. Ra4 Nfd7 20. f4 Nd3 21. Nxc4 N7c5 22. Ra3 Bxc3 23. Rxc3 Nxe4 24. Qxd3 Nxc3 25. Bb6 Re2+ 26. Kg3 Ne4+ 27. Kf3 Qh4 28. Kxe2 Qxh2+ 29. Ke3 Re8 30. Kd4 f5 31. gxf5 Ng3 32. Kc3 Nxf1 33. Qxf1 Qg3+ 34. Qd3 Qxf4 35. fxg6 h5 36. Be3 Qf3 37. Bg5 Qg4 38. Nxd6 Qxg5 39. Nxe8 Qe5+ 40. Kb3 Kf8 1-0

[Event "10. HIT Open A"]
[Site "?"]
[Date "2005.02.03"]
[Round "9"]
[White "Markus Robert"]
[Black "Pavlovic Milos"]
[Result "1-0"]
[WhiteElo "2584"]
[BlackElo "2485"]
[PlyCount "67"]
[EventDate "2005.??.??"]
[Source "www.chesslib.no"]
[SourceDate "2004.05.04"]

1. d4 Nf6 2. c4 g6 3. Nc3 Bg7 4. e4 d6 5. Nf3 O-O 6. Be2 c5 7. d5 e6 8. O-O exd5 9. cxd5 a6 10. a4 Bg4 11. Bf4 Bxf3 12. Bxf3 Qe7 13. Re1 Nbd7 14. Qd2 h5 15. h3 Nh7 16. a5 Bd4 17. Na4 Rab8 18. Be3 Bxe3 19. Rxe3 Ng5 20. Bxh5 Nf6 21. Be2 Nfxe4 22. Qc2 f5 23. f4 Nh7 24. Nc3 Nhf6 25. Bf3 Qf7 26. Bxe4 fxe4 27. Nxe4 Nxd5 28. Rf3 Nb4 29. Qf2 Qd5 30. Ng5 Rbe8 31. Kh2 Nc6 32. Qh4 Re7 33. Re1 Rfe8 34. Rfe3 1-0

[Event "SSKK Bulletinen 40 years"]
[Site "SSKK Bulletinen 40 years"]
[Date "1994.??.??"]
[Round "?"]
[White "Joffe, Manne"]
[Black "Nyman, Sture V"]
[Result "1-0"]
[WhiteElo "2660"]
[BlackElo "2400"]
[PlyCount "67"]
[EventDate "1994.??.??"]
[Source "www.chesslib.no"]
[SourceDate "2004.05.04"]

1. d4 Nf6 2. c4 c5 3. d5 e6 4. Nc3 exd5 5. cxd5 d6 6. Nf3 g6 7. e4 Bg7 8. Be2 a6 9. a4 Bg4 10. O-O O-O 11. Bf4 Qe7 12. Qc2 Re8 13. Rfe1 Nbd7 14. h3 Bxf3 15. Bxf3 Ne5 16. Be2 h6 17. Bd2 g5 18. g3 Ng6 19. Kg2 Nd7 20. Kh2 Bd4 21. Rf1 Nf6 22. Rae1 Rac8 23. f4 gxf4 24. gxf4 c4 25. Bf3 Qc7 26. Ne2 Bb6 27. Bc3 Qd8 28. Ng3 Ba5 29. Nf5 Bxc3 30. Qxc3 h5 31. Rg1 Rc5 32. Rg5 b5 33. Bxh5 b4 34. Qg3 1-0

[Event "Zepter op"]
[Site "Minsk"]
[Date "1998.05.03"]
[Round "9"]
[White "Burmakin, Vladimir"]
[Black "Notkin, Maksim"]
[Result "1-0"]
[WhiteElo "2550"]
[BlackElo "2505"]
[PlyCount "79"]
[EventDate "1998.04.25"]
[Source "ChessBase"]
[SourceDate "1998.07.07"]

1. d4 Nf6 2. c4 c5 3. d5 e6 4. Nc3 exd5 5. cxd5 d6 6. e4 g6 7. Bb5+ Bd7 8. a4 Bg7 9. Nf3 O-O 10. O-O a6 11. Be2 Bg4 12. h3 Bxf3 13. Bxf3 Nbd7 14. Bf4 Qe7 15. Re1 Rab8 16. Be2 Rfc8 17. a5 h6 18. Be3 Ne8 19. f4 b5 20. axb6 Rxb6 21. Qd2 Rcb8 22. Ra2 Bd4 23. Kh2 Ng7 24. Bf3 g5 25. Kh1 gxf4 26. Bxf4 Ne5 27. Be2 Qh4 28. Rf1 Ng6 29. Bxh6 Be5 30. Be3 Qg3 31. Bg1 Nf4 32. Bg4 Ngh5 33. Bh2 f5 34. Bxh5 Nxh5 35. Bxg3 Nxg3+ 36. Kg1 Bd4+ 37. Rf2 R8b7 38. Qg5+ Rg7 39. Qd8+ Kh7 40. Qxb6 1-0

[Event "HUN ch"]
[Site "?"]
[Date "1991.??.??"]
[Round "?"]
[White "Portisch, L."]
[Black "Tolnai, T."]
[Result "1/2-1/2"]
[WhiteElo "2570"]
[BlackElo "2480"]
[PlyCount "121"]
[EventDate "1991.??.??"]
[Source "www.chesslib.no"]
[SourceDate "2004.05.04"]

1. d4 Nf6 2. c4 e6 3. Nf3 c5 4. d5 exd5 5. cxd5 d6 6. Nc3 g6 7. e4 a6 8. a4 Bg7 9. Bf4 Bg4 10. Be2 Bxf3 11. Bxf3 Qe7 12. O-O Nbd7 13. Re1 O-O 14. h3 Rfe8 15. a5 h5 16. Bg5 Qf8 17. Qd2 Kh7 18. Bd1 b5 19. axb6 Nxb6 20. Bc2 Nfd7 21. Ra2 Reb8 22. Qe2 Qh8 23. Bd2 Ne5 24. Nd1 c4 25. f4 Ned7 26. Nc3 Re8 27. e5 dxe5 28. f5 e4 29. fxg6+ fxg6 30. Nxe4 Bd4+ 31. Kh1 Kg8 32. Qf3 Qg7 33. Rd1 Rf8 34. Qg3 Be5 35. Qh4 Nxd5 36. Ng5 Qf6 37. Qxc4 N7b6 38. Qe2 Nf4 39. Bxf4 Bxf4 40. Ne4 Qe7 41. Rxa6 Rxa6 42. Qxa6 Bc7 43. Qb5 Kg7 44. Qc5 Qe5 45. Qxe5+ Bxe5 46. b4 Nc4 47. Rd7+ Kh6 48. Bd3 Ra8 49. g4 Ra1+ 50. Kg2 Ra2+ 51. Kf3 hxg4+ 52. Kxg4 Ne3+ 53. Kf3 Nf5 54. Nf2 Kg5 55. Ne4+ Kh6 56. Nf2 Kg5 57. Rd5 Bc7 58. Ng4 Bb6 59. Rb5 Bg1 60. Re5 Rb2 61. b5 1/2-1/2

[Event "Dortmund"]
[Site "?"]
[Date "1986.??.??"]
[Round "?"]
[White "Hort, V."]
[Black "Kindermann, S."]
[Result "1-0"]
[WhiteElo "2545"]
[BlackElo "2495"]
[PlyCount "75"]
[EventDate "1986.??.??"]
[Source "ChessBase"]
[SourceDate "1986.01.01"]

1. d4 Nf6 2. c4 e6 3. Nf3 c5 4. d5 exd5 5. cxd5 d6 6. Nc3 g6 7. Bf4 a6 8. a4 Bg7 9. e4 Bg4 10. Be2 Bxf3 11. Bxf3 O-O 12. O-O Qe7 13. Re1 Nbd7 14. Qd2 Rfe8 15. a5 h5 16. h3 Rac8 17. Na4 Nh7 18. Ra3 Bd4 19. b4 Nhf6 20. bxc5 dxc5 21. Re2 Ne5 22. Nb6 Nxf3+ 23. Rxf3 Rcd8 24. e5 Nxd5 25. Bg5 Qe6 26. Bxd8 Rxd8 27. Qg5 Rf8 28. Re4 Nc3 29. Re1 Re8 30. Rf6 Qe7 31. Nc8 Qf8 32. Nd6 Re7 33. Nf5 Rxe5 34. Rxe5 Bxe5 35. Ne7+ Qxe7 36. Rxg6+ fxg6 37. Qxe7 Bd4 38. Qxb7 1-0

[Event "Novi Sad (ol)"]
[Site "?"]
[Date "1990.??.??"]
[Round "?"]
[White "Skembris, S."]
[Black "Psakhis, L."]
[Result "0-1"]
[WhiteElo "2455"]
[BlackElo "2575"]
[PlyCount "98"]
[EventDate "1990.??.??"]
[Source "ChessBase"]
[SourceDate "1990.07.01"]

1. d4 Nf6 2. c4 e6 3. Nf3 c5 4. d5 d6 5. Nc3 exd5 6. cxd5 g6 7. e4 a6 8. a4 Bg4 9. Be2 Bxf3 10. Bxf3 Nbd7 11. O-O Bg7 12. a5 O-O 13. Bf4 Qc7 14. Ra4 Rfe8 15. Qc2 h5 16. Nb1 b5 17. axb6 Nxb6 18. Ra2 Qe7 19. Nd2 Nfd7 20. Rfa1 Bd4 21. Nb3 Nxd5 22. Bd2 N5b6 23. Nxd4 cxd4 24. b4 Rac8 25. Qd1 Nc4 26. Be1 Qf6 27. Rb1 Qe5 28. Rxa6 d5 29. exd5 Nb2 30. Qd2 Rc2 31. Re6 Rxe6 32. dxe6 Rxd2 33. exd7 Qe7 34. Bxd2 Nc4 35. Be1 Qxd7 36. b5 Qe6 37. Kf1 d3 38. Rd1 Qd6 39. g3 Qd4 40. Bd2 Qb2 41. Be3 Qxb5 42. Bd4 Kh7 43. Be4 d2 44. Kg2 h4 45. h3 hxg3 46. Bf3 gxf2 47. Kxf2 Qb8 48. Ke2 Qd6 49. Bf2 Qe6+ 0-1

[Event "Milan Vidmar Mem, Portoroz SLO"]
[Site "?"]
[Date "2001.??.??"]
[Round "5"]
[White "Mohr, G."]
[Black "Volokitin, A."]
[Result "1/2-1/2"]
[WhiteElo "2480"]
[BlackElo "2550"]
[PlyCount "60"]
[EventDate "2001.??.??"]
[Source "www.chesslib.no"]
[SourceDate "2004.05.04"]

1. d4 Nf6 2. Nf3 e6 3. c4 c5 4. d5 d6 5. Nc3 exd5 6. cxd5 g6 7. e4 a6 8. a4 Bg4 9. Be2 Bxf3 10. Bxf3 Bg7 11. O-O Nbd7 12. Re1 O-O 13. Bf4 Ne5 14. Bxe5 dxe5 15. a5 Ne8 16. Qd2 Nd6 17. Na4 Rc8 18. Rac1 c4 19. Nb6 Rc7 20. Qb4 f5 21. Nxc4 Bh6 22. Ne3 Rxc1 23. Rxc1 fxe4 24. Bg4 Kh8 25. Be6 Qh4 26. g3 Qd8 27. Re1 Rf3 28. Bg4 Rf8 29. Be6 Rf3 30. Bg4 Rf8 1/2-1/2

[Event "Gothenburg Cup"]
[Site "Gothenburg"]
[Date "2001.01.??"]
[Round "1"]
[White "Ahlander, Bjorn"]
[Black "Marin, Mihail"]
[Result "0-1"]
[WhiteElo "2424"]
[BlackElo "2604"]
[PlyCount "236"]
[EventDate "2001.01.08"]
[Source "ChessBase"]
[SourceDate "2001.03.20"]

1. d4 Nf6 2. c4 c5 3. d5 d6 4. Nc3 g6 5. e4 Bg7 6. Nf3 O-O 7. Be2 e6 8. O-O exd5 9. cxd5 a6 10. a4 Bg4 11. Bf4 Bxf3 12. Bxf3 Qe7 13. Re1 Nbd7 14. a5 Rab8 15. Qc2 Ne8 16. Be2 Nc7 17. Bf1 b5 18. axb6 Rxb6 19. Rad1 Rb4 20. Bc1 Re8 21. f3 Nb6 22. Kh1 Rd4 23. Ne2 Rxd1 24. Rxd1 Nb5 25. Nc3 Nd4 26. Qf2 Qb7 27. Bd3 Nd7 28. Qf1 Ra8 29. f4 Qb6 30. h3 a5 31. Qf2 a4 32. Rf1 Qb3 33. Qe1 Re8 34. Rf2 c4 35. Bb1 Nc5 36. Qf1 a3 37. Ba2 axb2 38. Bxb3 bxc1=Q 39. Qxc1 Ndxb3 40. Qc2 Bxc3 41. Qxc3 Nxe4 42. Qxc4 Nxf2+ 43. Kg1 Nc5 44. Kxf2 Re4 45. Qb5 Rxf4+ 46. Ke3 Rf6 47. Qe8+ Kg7 48. Qe7 h5 49. g4 hxg4 50. hxg4 g5 51. Qd8 Nb7 52. Qc7 Nc5 53. Qe7 Nb3 54. Kd3 Nc5+ 55. Kc4 Ne4 56. Kb5 Rf4 57. Qd7 Kf6 58. Kc6 Ke5 59. Qe7+ Kd4 60. Qa7+ Kd3 61. Qg1 Ke2 62. Qg2+ Ke3 63. Qh3+ Rf3 64. Qh2 f6 65. Qh1 Kf4 66. Qh7 Ke3 67. Qa7+ Kf4 68. Qh7 Rf2 69. Qf5+ Ke3 70. Qh7 Rf4 71. Qh3+ Kd4 72. Qh1 Rf2 73. Qa1+ Ke3 74. Qh1 Kf4 75. Qh7 Ra2 76. Qf5+ Ke3 77. Qf1 Kd4 78. Qb1 Rd2 79. Qa1+ Ke3 80. Qf1 Rf2 81. Qb1 Kf4 82. Qh1 Rc2+ 83. Kd7 Ke5 84. Qd1 Rd2 85. Qf1 Kxd5 86. Qf5+ Kd4 87. Ke6 Ke3 88. Qf1 d5 89. Qg1+ Kf3 90. Kf5 Rf2 91. Qd1+ Ke3+ 92. Ke6 d4 93. Qe1+ Re2 94. Qc1+ Kf3 95. Kd5 d3 96. Qf1+ Kxg4 97. Kd4 Nf2 98. Qg2+ Kf4 99. Qh2+ Kf3 100. Qh5+ g4 101. Qf5+ Kg3 102. Qb5 f5 103. Kc3 Rc2+ 104. Kb3 Re2 105. Kc3 f4 106. Qa6 f3 107. Kb3 d2 108. Qd6+ Kg2 109. Kc3 d1=Q 110. Qxd1 Nxd1+ 111. Kc4 f2 112. Kc5 f1=Q 113. Kc4 Re5+ 114. Kd4 Qf4+ 115. Kd3 Qe3+ 116. Kc4 Qc5+ 117. Kb3 Qc3+ 118. Ka2 Qb2# 0-1

[Event "Bozen op"]
[Site "Bozen"]
[Date "1998.06.17"]
[Round "6"]
[White "Skembris, Spyridon"]
[Black "Hamdouchi, Hichem"]
[Result "1/2-1/2"]
[WhiteElo "2490"]
[BlackElo "2535"]
[PlyCount "24"]
[EventDate "1998.06.13"]
[Source "ChessBase"]
[SourceDate "1998.09.09"]

1. Nf3 Nf6 2. d4 e6 3. c4 c5 4. d5 exd5 5. cxd5 d6 6. Nc3 g6 7. e4 a6 8. a4 Bg4 9. Be2 Nbd7 10. O-O Bxf3 11. Bxf3 Bg7 12. a5 O-O 1/2-1/2

[Event "Tel Aviv"]
[Site "?"]
[Date "2000.??.??"]
[Round "?"]
[White "Gershon, A."]
[Black "Marin, Mihail"]
[Result "1-0"]
[WhiteElo "2470"]
[BlackElo "2555"]
[PlyCount "75"]
[EventDate "2000.??.??"]
[Source "Chess Informant"]
[SourceDate "2000.02.01"]

1. d4 Nf6 2. c4 c5 3. d5 d6 4. Nc3 g6 5. e4 Bg7 6. Nf3 O-O 7. Be2 e6 8. O-O exd5 9. cxd5 a6 10. a4 Bg4 11. Bf4 Bxf3 12. Bxf3 Qe7 13. Re1 Nbd7 14. a5 Rfe8 15. h3 Rab8 16. Be2 b5 17. axb6 Rxb6 18. Rxa6 Nxe4 19. Bd3 Bxc3 20. bxc3 Rxa6 21. Bxa6 Qh4 22. Qf3 f5 23. Bb5 Ne5 24. Qe3 Re7 25. Ra1 g5 26. Bxe5 Rxe5 27. Bd7 Nf6 28. Be6+ Kg7 29. Qd3 c4 30. Qb1 Ne4 31. Ra2 g4 32. Qb8 Ng3 33. Ra7+ Kh6 34. Qf8+ Kg5 35. Rg7+ Kf4 36. Rxg4+ Qxg4 37. Qh6+ Qg5 38. fxg3+ 1-0

[Event "HUN-chT 9798"]
[Site "Hungary"]
[Date "1997.??.??"]
[Round "?"]
[White "Lukacs, Peter"]
[Black "Tolnai, Tibor"]
[Result "1/2-1/2"]
[WhiteElo "2470"]
[BlackElo "2550"]
[PlyCount "29"]
[EventDate "1997.??.??"]
[Source "www.chesslib.no"]
[SourceDate "2004.05.04"]

1. d4 e6 2. c4 c5 3. d5 exd5 4. cxd5 d6 5. Nc3 g6 6. Nf3 Bg7 7. e4 a6 8. a4 Bg4 9. Be2 Bxf3 10. Bxf3 Nd7 11. O-O Ngf6 12. Bf4 Qe7 13. a5 O-O 14. Re1 Rfe8 15. h3 1/2-1/2

[Event "EuTCh, Leon ESP"]
[Site "?"]
[Date "2001.??.??"]
[Round "6"]
[White "Cheparinov, I."]
[Black "Markowski, T."]
[Result "1-0"]
[WhiteElo "2460"]
[BlackElo "2550"]
[PlyCount "152"]
[EventDate "2001.??.??"]
[Source "www.chesslib.no"]
[SourceDate "2004.05.04"]

1. d4 d6 2. Nf3 g6 3. c4 Bg7 4. e4 c5 5. d5 e6 6. Nc3 exd5 7. cxd5 a6 8. a4 Bg4 9. Be2 Nf6 10. O-O Bxf3 11. Bxf3 O-O 12. Bf4 Ne8 13. Qc2 Nd7 14. Rfe1 Rb8 15. Be2 Qf6 16. Be3 Nc7 17. f4 b5 18. axb5 axb5 19. Ra7 Qd8 20. b4 Re8 21. Rxc7 Qxc7 22. Nxb5 Qb6 23. e5 Nxe5 24. bxc5 dxc5 25. fxe5 Rxe5 26. Bxc5 Rxe2 27. Rxe2 Qxb5 28. Bf2 Qxd5 29. Qe4 Qd7 30. g3 h5 31. Kg2 Rc8 32. Qf3 Kh7 33. Qe4 Qb5 34. Qf3 Rc6 35. Re4 Rc7 36. Re2 Rd7 37. Re4 Rc7 38. Re2 Qd7 39. Qe4 Rc3 40. Re3 Rc1 41. Re1 Rc6 42. Qe7 Qd5+ 43. Qe4 Qb5 44. Qe2 Qa5 45. Qd3 Rf6 46. Re3 Rf5 47. Qe4 Qa2 48. Rf3 Re5 49. Qb7 f5 50. Rd3 Re2 51. Qf3 Re4 52. Rd7 Kh6 53. Rd6 Kh7 54. Rd7 Qb2 55. Rd5 Qc2 56. Qd3 Qb2 57. Qf3 Re7 58. h3 Bh6 59. Rd3 Re4 60. Rd7+ Bg7 61. Rd5 Kh6 62. Rd6 Qe5 63. Rd7 Qe6 64. Rd2 Kh7 65. Qd3 Ra4 66. Re2 Qc6+ 67. Qf3 Qd7 68. Re1 Rc4 69. Re2 Bf6 70. Qa8 Rc3 71. Ra2 Be5 72. Re2 Bc7 73. Qf8 Bd6 74. Qa8 f4 75. Bd4 Rxg3+ 76. Kf2 Bf8 1-0

[Event "XXIII Open"]
[Site "Cappelle la Grande FRA"]
[Date "2007.03.05"]
[Round "4"]
[White "Gajewski, G."]
[Black "Friedel, J."]
[Result "1-0"]
[WhiteElo "2540"]
[BlackElo "2466"]
[PlyCount "61"]
[EventDate "2007.03.03"]
[Source "www.chesslib.no"]
[SourceDate "2004.05.04"]

1. d4 Nf6 2. c4 e6 3. Nf3 c5 4. d5 d6 5. Nc3 exd5 6. cxd5 g6 7. e4 a6 8. a4 Bg4 9. Be2 Bxf3 10. Bxf3 Bg7 11. Bf4 O-O 12. O-O Ne8 13. a5 Nd7 14. Qd2 Rb8 15. Be2 b5 16. axb6 Qxb6 17. Ra2 Qb4 18. Bxa6 f5 19. exf5 Rxf5 20. Bg3 Ne5 21. h3 Nc7 22. Be2 h5 23. Bd3 Qd4 24. Bxe5 Bxe5 25. Ra4 Rb4 26. Rxb4 cxb4 27. Ne2 Qxd5 28. Qc2 Rg5 29. Be4 Qe6 30. Qxc7 d5 31. Qd8+ 1-0

[Event "DSV-Turnier"]
[Site "Halle"]
[Date "1974.??.??"]
[Round "?"]
[White "Savon, Vladimir A"]
[Black "Vogt, Lothar"]
[Result "1-0"]
[WhiteElo "2575"]
[BlackElo "2430"]
[PlyCount "89"]
[EventDate "1974.??.??"]
[Source "ChessBase"]

1. d4 Nf6 2. c4 c5 3. d5 e6 4. Nc3 exd5 5. cxd5 d6 6. e4 g6 7. Nf3 Bg7 8. Be2 O-O 9. O-O a6 10. a4 Bg4 11. Bg5 h6 12. Bh4 Nbd7 13. Nd2 Bxe2 14. Qxe2 Re8 15. Rad1 g5 16. Bg3 Ne5 17. f4 gxf4 18. Bxf4 Rb8 19. Bxe5 Rxe5 20. Nc4 Re8 21. e5 dxe5 22. Ne4 Nxe4 23. Qxe4 b5 24. axb5 axb5 25. Ne3 Rb6 26. Nf5 Rg6 27. d6 Qd7 28. Ne7+ Rxe7 29. dxe7 Qxe7 30. Ra1 Qe6 31. Ra8+ Bf8 32. Rd1 Rg4 33. Qf3 Rd4 34. Qg3+ Rg4 35. Qf2 Rd4 36. Rf1 c4 37. h3 Qg6 38. Qe3 Qg7 39. Rf3 Rd3 40. Qe4 Rxf3 41. Qxf3 e4 42. Qa3 e3 43. Qe7 h5 44. Qxe3 Qxb2 45. Qg5+ 1-0

[Event "i"]
[Site "New York i"]
[Date "1984.??.??"]
[Round "?"]
[White "Browne, Walter S"]
[Black "Gurevich, Mikhail N"]
[Result "1/2-1/2"]
[WhiteElo "2580"]
[BlackElo "2420"]
[PlyCount "76"]
[EventDate "1984.??.??"]
[Source "www.chesslib.no"]
[SourceDate "2004.05.04"]

1. d4 Nf6 2. c4 e6 3. Nf3 c5 4. d5 exd5 5. cxd5 d6 6. Nc3 g6 7. Bf4 a6 8. a4 Bg7 9. e4 O-O 10. Be2 Bg4 11. O-O Bxf3 12. Bxf3 Qe7 13. e5 dxe5 14. d6 Qe6 15. Re1 Nbd7 16. Bxb7 Ra7 17. Bf3 Rb8 18. Nd5 Qxd6 19. Bg5 Nxd5 20. Bxd5 Qf8 21. Qc2 Nb6 22. Ba2 Rab7 23. Rab1 Qe8 24. Bb3 Qc8 25. a5 Na8 26. Bc4 Nc7 27. Red1 Nb5 28. Rd8+ Qxd8 29. Bxd8 Rxd8 30. Qe4 Rbb8 31. Qf3 Nd6 32. Bxa6 e4 33. Qe2 c4 34. Bxc4 Nxc4 35. Qxc4 Rxb2 36. Rf1 Ra8 37. Qd5 Rbb8 38. Qxe4 Re8 1/2-1/2

[Event "Zemun"]
[Site "Zemun"]
[Date "1980.??.??"]
[Round "?"]
[White "Ivkov, Borislav"]
[Black "Popov, Luben S"]
[Result "1/2-1/2"]
[WhiteElo "2530"]
[BlackElo "2465"]
[PlyCount "140"]
[EventDate "1980.??.??"]
[Source "www.chesslib.no"]
[SourceDate "2004.05.04"]

1. d4 Nf6 2. c4 c5 3. d5 e6 4. Nc3 exd5 5. cxd5 d6 6. Nf3 g6 7. e4 Bg7 8. Be2 O-O 9. O-O Bg4 10. Bf4 a6 11. a4 Re8 12. Qc2 Nh5 13. Bg5 Qc7 14. h3 Bxf3 15. Bxf3 Nf6 16. Be2 c4 17. a5 Nbd7 18. Ra4 b5 19. axb6 Nxb6 20. Ra2 Nfd7 21. Na4 Nc5 22. Nxc5 Qxc5 23. Rd1 Qb4 24. Be3 Qb3 25. Qxb3 cxb3 26. Ra3 Rxe4 27. Rxb3 Nc4 28. Bxc4 Rxc4 29. Rb6 Be5 30. b3 Re4 31. Rc1 a5 32. g4 Kg7 33. Kg2 Rb4 34. Rxb4 axb4 35. Rc4 Bc3 36. Bd4+ Bxd4 37. Rxd4 Ra5 38. Kf3 Kf6 39. Ke4 Ra2 40. f4 Rh2 41. g5+ Ke7 42. Rxb4 Rxh3 43. Rb7+ Ke8 44. b4 h5 45. gxh6 Rxh6 46. Rb6 Kd7 47. Rb7+ Ke8 48. Rb6 Kd7 49. b5 Rh1 50. Rb7+ Ke8 51. Rb8+ Ke7 52. Rb7+ Ke8 53. Kd4 Rf1 54. Kc3 Rf3+ 55. Kb4 Rxf4+ 56. Ka5 Rf1 57. b6 Kd8 58. Rb8+ Kd7 59. Rf8 g5 60. b7 Ra1+ 61. Kb6 Rb1+ 62. Ka7 Ra1+ 63. Kb8 g4 64. Rxf7+ Kd8 65. Rg7 Ra4 66. Rg6 Kd7 67. Rg8 Ra1 68. Rxg4 Ra2 69. Rg7+ Kd8 70. Rh7 Ra1 1/2-1/2

[Event "Bath TV-B"]
[Site "Bath"]
[Date "1983.??.??"]
[Round "?"]
[White "Garcia Gonzales, Guillermo"]
[Black "Kindermann, Stefan"]
[Result "1/2-1/2"]
[WhiteElo "2495"]
[BlackElo "2500"]
[PlyCount "98"]
[EventDate "1983.11.??"]
[Source "ChessBase"]

1. d4 Nf6 2. c4 e6 3. Nf3 c5 4. d5 exd5 5. cxd5 d6 6. Nc3 g6 7. Bf4 a6 8. a4 Bg7 9. e4 Bg4 10. Be2 O-O 11. O-O Re8 12. Nd2 Bxe2 13. Qxe2 Nh5 14. Be3 Nd7 15. a5 Qe7 16. Ra4 Rab8 17. Kh1 h6 18. Nd1 Nhf6 19. f3 Rec8 20. Re1 Ne8 21. f4 f5 22. exf5 gxf5 23. Qd3 Qf6 24. Nc4 Nc7 25. Bf2 b5 26. axb6 Nxb6 27. Nxb6 Rxb6 28. Ne3 Rf8 29. Nc4 Rbb8 30. Raa1 Rfe8 31. h3 h5 32. Rab1 Qg6 33. Rxe8+ Rxe8 34. b4 cxb4 35. Rxb4 Nb5 36. Ne3 Rf8 37. Ra4 Nc3 38. Rxa6 Ne4 39. Ra2 Bh6 40. g3 Rc8 41. Rc2 Rc3 42. Qe2 Qxg3 43. Bxg3 Nxg3+ 44. Kg2 Nxe2 45. Rxe2 Bxf4 46. Nxf5 Be5 47. Rf2 Rd3 48. Rf3 Rd2+ 49. Rf2 Rd3 1/2-1/2

[Event "JUG-ch52"]
[Site "Niksic"]
[Date "1997.??.??"]
[Round "3"]
[White "Pavlovic, Milos"]
[Black "Kovacevic, Aleksandar"]
[Result "1/2-1/2"]
[WhiteElo "2505"]
[BlackElo "2485"]
[PlyCount "31"]
[EventDate "1997.??.??"]
[Source "www.chesslib.no"]
[SourceDate "2004.05.04"]

1. d4 c5 2. d5 d6 3. c4 Nf6 4. Nc3 g6 5. e4 Bg7 6. Nf3 O-O 7. Be2 e6 8. O-O exd5 9. cxd5 Bg4 10. Bf4 a6 11. a4 Qe7 12. Nd2 Bxe2 13. Qxe2 Nh5 14. Be3 Nd7 15. a5 Bd4 16. Ra4 1/2-1/2

[Event "VIII Copa Itaú"]
[Site "Sau Paulo"]
[Date "2004.09.30"]
[Round "7"]
[White "Milos, Gilberto"]
[Black "Martinez, Carlos Alejandro"]
[Result "1-0"]
[WhiteElo "2601"]
[BlackElo "2386"]
[PlyCount "101"]
[EventDate "2004.09.25"]
[Source "Roberto Alvarez"]
[SourceDate "2004.10.05"]

1. d4 Nf6 2. c4 c5 3. d5 e6 4. Nc3 exd5 5. cxd5 d6 6. e4 g6 7. Nf3 Bg7 8. Be2 O-O 9. O-O a6 10. a4 Bg4 11. Bf4 Re8 12. Nd2 Bxe2 13. Qxe2 Nh5 14. Be3 Nd7 15. g4 Nhf6 16. f3 Nb6 17. Kh1 Nfd7 18. a5 Nc8 19. Bf2 Ne5 20. Bg3 Na7 21. f4 Nd7 22. Nc4 Qc7 23. f5 Ne5 24. Nb6 Rab8 25. f6 Bf8 26. Rac1 Nc8 27. Bxe5 Rxe5 28. Nc4 Re8 29. Na4 Qd7 30. b3 Na7 31. Nab6 Qd8 32. g5 Nc8 33. Qg4 Nxb6 34. Nxb6 Re5 35. Nc4 h5 36. Qg2 b5 37. axb6 Re8 38. Ra1 Qd7 39. Rxa6 Qb5 40. Ra3 Ra8 41. Rfa1 Qb4 42. Qd2 Rxa3 43. Rxa3 Qb5 44. Qd3 Qd7 45. h3 h4 46. Kg2 Qb5 47. Ra7 Qb4 48. Kf2 Rb8 49. e5 dxe5 50. Rxf7 e4 51. Qxe4 1-0

[Event "Baku training m"]
[Site "Baku AZE"]
[Date "1979.??.??"]
[Round "?"]
[White "Magerramov, Elmar"]
[Black "Kasparov, Gary"]
[Result "1-0"]
[WhiteElo "2435"]
[BlackElo "2545"]
[PlyCount "81"]
[EventDate "1979.??.??"]
[Source "www.chesslib.no"]
[SourceDate "2004.05.04"]

1. d4 Nf6 2. c4 c5 3. d5 e6 4. Nc3 exd5 5. cxd5 d6 6. Nf3 g6 7. e4 Bg7 8. Be2 O-O 9. O-O a6 10. a4 Bg4 11. Bf4 Nh5 12. Bg5 Qb6 13. Qc2 Nd7 14. h3 Bxf3 15. Bxf3 h6 16. Bd2 Nhf6 17. Be2 Rfe8 18. b3 Ne5 19. a5 Qc7 20. f4 Ned7 21. Bc4 b5 22. axb6 Nxb6 23. Qd3 Nxc4 24. bxc4 Nh5 25. Rae1 Rab8 26. Kh1 Rb2 27. Rf3 Qb8 28. Nd1 Rb1 29. Nf2 Rxe1+ 30. Bxe1 Qb2 31. Bd2 Bd4 32. Be3 Bxe3 33. Qxe3 Qc2 34. f5 g5 35. Ng4 Kh7 36. e5 dxe5 37. Qxc5 e4 38. Rf2 Qc1+ 39. Kh2 e3 40. Re2 Re4 41. Qf8 1-0

[Event "Kavala"]
[Site "?"]
[Date "2006.07.08"]
[Round "6"]
[White "Vijayalakshmi Subbaraman"]
[Black "De Firmian Nick E"]
[Result "1-0"]
[WhiteElo "2417"]
[BlackElo "2559"]
[PlyCount "113"]
[EventDate "2006.??.??"]
[Source "www.chesslib.no"]
[SourceDate "2004.05.04"]

1. d4 Nf6 2. c4 e6 3. Nf3 c5 4. d5 exd5 5. cxd5 d6 6. Nc3 a6 7. a4 g6 8. e4 Bg4 9. Be2 Bxf3 10. Bxf3 Bg7 11. O-O Nbd7 12. Bf4 Qe7 13. Qd2 O-O 14. Rae1 Rfe8 15. Bd1 Ne5 16. Bg3 Nfd7 17. f4 Nc4 18. Qe2 b5 19. axb5 Bxc3 20. bxc3 axb5 21. f5 Ra3 22. f6 Qf8 23. Qg4 Nde5 24. Qh4 h6 25. Bf4 Kh7 26. Be2 Rxc3 27. Ra1 Ra3 28. Rxa3 Nxa3 29. Qg3 b4 30. Bc1 Nc2 31. Rf4 Nd4 32. Bf1 g5 33. Rf2 Ng6 34. Bd3 Re5 35. Qg4 Qe8 36. Ra2 Qd8 37. Rf2 Qe8 38. g3 Qa4 39. Bf1 Qe8 40. Qh5 Nb3 41. Be3 Qf8 42. Qg4 Nd4 43. Bd3 Qe8 44. Qh5 Nf4 45. gxf4 gxf4 46. Qh3 Rg5+ 47. Rg2 Qe5 48. Bf2 f3 49. Rxg5 Qxg5+ 50. Kh1 c4 51. Bxc4 Qc1+ 52. Qf1 Qxf1+ 53. Bxf1 Ne2 54. e5 b3 55. Bd4 Nxd4 56. Bd3+ Kg8 57. exd6 1-0

[Event "Ptuj"]
[Site "Ptuj"]
[Date "1995.??.??"]
[Round "3"]
[White "Krumpacnik, Domen"]
[Black "Cebalo, Miso"]
[Result "0-1"]
[WhiteElo "2405"]
[BlackElo "2570"]
[PlyCount "98"]
[EventDate "1995.??.??"]
[Source "www.chesslib.no"]
[SourceDate "2004.05.04"]

1. d4 Nf6 2. c4 e6 3. Nf3 c5 4. d5 exd5 5. cxd5 d6 6. Nc3 g6 7. e4 a6 8. a4 Bg4 9. Be2 Bxf3 10. Bxf3 Nbd7 11. O-O Bg7 12. Qc2 O-O 13. Bf4 Qe7 14. Rfe1 Rab8 15. a5 Ne8 16. Be2 Nc7 17. Bc4 b5 18. axb6 Rxb6 19. Ra5 Bd4 20. Be3 Ne5 21. b3 Rfb8 22. Bxd4 cxd4 23. Na4 Rb4 24. f4 Qh4 25. Qf2 Qxf2+ 26. Kxf2 Nxc4 27. bxc4 Rxc4 28. e5 dxe5 29. fxe5 Nxd5 30. Rxd5 Rxa4 31. e6 fxe6 32. Rxe6 Rb2+ 33. Re2 Rxe2+ 34. Kxe2 Kg7 35. Rd7+ Kh6 36. Rd5 g5 37. g4 d3+ 38. Kf3 Ra3 39. Ke4 Kg6 40. Rd6+ Kf7 41. Kf5 Ke7 42. Rd5 h6 43. Kg6 Ke6 44. Rd8 Ke5 45. Kxh6 Kf4 46. h4 gxh4 47. g5 h3 48. g6 h2 49. Rf8+ Kg3 0-1